The Polar Express (Record no. 1393)

MARC details
000 -LEADER
fixed length control field 03424cgm a2200625Ia 4500
005 - DATE AND TIME OF LATEST TRANSACTION
control field 20260322212058.0
007 - PHYSICAL DESCRIPTION FIXED FIELD--GENERAL INFORMATION
fixed length control field data
008 - FIXED-LENGTH DATA ELEMENTS--GENERAL INFORMATION
fixed length control field data
020 ## - INTERNATIONAL STANDARD BOOK NUMBER
International Standard Book Number 0790795434
020 ## - INTERNATIONAL STANDARD BOOK NUMBER
International Standard Book Number 9780790795430
024 1# - OTHER STANDARD IDENTIFIER
Standard number or code 085393895426
028 42 - PUBLISHER OR DISTRIBUTOR NUMBER
Publisher or distributor number 38954
Source Warner Home Video
040 ## - CATALOGING SOURCE
Original cataloging agency TEFMT
Transcribing agency TEFMT
Modifying agency CtY
-- RCS
-- GK8
-- LEO
-- CtY
041 1# - LANGUAGE CODE
Language code of text/sound track or separate title spa
-- fre
-- spa
Language code of summary or abstract spa
-- fre
-- spa
Language code of original eng
049 ## - LOCAL HOLDINGS (OCLC)
Holding library YUSS
099 ## - LOCAL FREE-TEXT CALL NUMBER (OCLC)
Classification number DVD 787
001 - CONTROL NUMBER
control field data
245 14 - TITLE STATEMENT
Title The Polar Express
Medium [videorecording] /
Statement of responsibility, etc. Castle Rock Entertainment presents in association with Shangri-La Entertainment, a Playtone/ImageMovers/Golden Mean production ; a Robert Zemeckis film ; produced by Steve Starkey ... [et al.] ; screenplay by Robert Zemeckis & William Broyles, Jr. ; directed by Robert Zemeckis.
260 ## - PUBLICATION, DISTRIBUTION, ETC.
Place of publication, distribution, etc. Burbank, CA :
Name of publisher, distributor, etc. Warner Home Video,
Date of publication, distribution, etc. [2005]
300 ## - PHYSICAL DESCRIPTION
Extent 2 videodiscs (100 min.) :
Other physical details sd., col. ;
Dimensions 4 3/4 in.
500 ## - GENERAL NOTE
General note Based on the book by Chris Van Allsburg.
500 ## - GENERAL NOTE
General note Originally released as a motion picture in 2004.
500 ## - GENERAL NOTE
General note Special features: Challenges; deleted scenes; featurette; interviews; music video; "A genuine ticket to ride" : behind-the-scenes secrets on performance capture, virtual cameras, hair and wardrobe, creating the North Pole, and music.
508 ## - CREATION/PRODUCTION CREDITS NOTE
Creation/production credits note Directors of photography, Don Burgess, Robert Presley ; editors, Jeremiah O'Driscoll, R. Orlando Duenas ; music, Alan Silvestri, Glen Ballard ; costume designer, Joanna Johnston ; production designers, Rick Carter, Doug Chiang.
511 1# - PARTICIPANT OR PERFORMER NOTE
Participant or performer note Tom Hanks, Leslie Harter Zemeckis, Eddie Deezen, Nona Gaye, Peter Scolari, Brendan King, Andy Pellick, Josh Eli, Mark Mendonca, Rolandas Hendricks.
520 ## - SUMMARY, ETC.
Summary, etc. When a doubting young boy takes an extraordinary train ride to the North Pole, he embarks on a journey of self-discovery that shows him that the wonder of life never fades for those who believe.
521 8# - TARGET AUDIENCE NOTE
Target audience note MPAA rating: G.
538 ## - SYSTEM DETAILS NOTE
System details note DVD, region 1, widescreen (2.40, 16:9) presentation; Dolby surround 5.1.
546 ## - LANGUAGE NOTE
Language note English, French or Spanish dialogue with optional English, French or Spanish subtitles; closed-captioned.
590 ## - LOCAL NOTE (RLIN)
Local note 2-disc set includes widescreen format and special features disc.
590 ## - LOCAL NOTE (RLIN)
Local note Based on the book by Chris Van Allsburg.
590 ## - LOCAL NOTE (RLIN)
Local note Cast: Tom Hanks, Leslie Harter Zemeckis, Eddie Deezen, Nona Gaye, Peter Scolari, Brendan King, Andy Pellick, Josh Eli, Mark Mendonca, Rolandas Hendricks.
590 ## - LOCAL NOTE (RLIN)
Local note MPAA rating: G.
590 ## - LOCAL NOTE (RLIN)
Local note Originally released as a motion picture in 2004.
592 ## -
-- When a doubting young boy takes an extraordinary train ride to the North Pole, he embarks on a journey of self-discovery that shows him that the wonder of life never fades for those who believe.
650 #0 - SUBJECT ADDED ENTRY--TOPICAL TERM
Topical term or geographic name entry element Santa Claus
Form subdivision Juvenile drama.
650 #0 - SUBJECT ADDED ENTRY--TOPICAL TERM
Topical term or geographic name entry element Feature films.
650 #0 - SUBJECT ADDED ENTRY--TOPICAL TERM
Topical term or geographic name entry element Christmas films.
650 #0 - SUBJECT ADDED ENTRY--TOPICAL TERM
Topical term or geographic name entry element Children's films.
650 #0 - SUBJECT ADDED ENTRY--TOPICAL TERM
Topical term or geographic name entry element Video recordings for the hearing impaired.
651 #0 - SUBJECT ADDED ENTRY--GEOGRAPHIC NAME
Geographic name North Pole
Form subdivision Drama.
700 1# - ADDED ENTRY--PERSONAL NAME
Personal name Zemeckis, Robert,
Dates associated with a name 1952-
700 1# - ADDED ENTRY--PERSONAL NAME
Personal name Hanks, Tom.
700 1# - ADDED ENTRY--PERSONAL NAME
Personal name Zemeckis, Leslie Harter.
700 1# - ADDED ENTRY--PERSONAL NAME
Personal name Deezen, Eddie.
700 1# - ADDED ENTRY--PERSONAL NAME
Personal name Gaye, Nona.
700 1# - ADDED ENTRY--PERSONAL NAME
Personal name Scolari, Peter.
700 1# - ADDED ENTRY--PERSONAL NAME
Personal name Burgess, Don.
700 1# - ADDED ENTRY--PERSONAL NAME
Personal name Presley, Robert.
700 1# - ADDED ENTRY--PERSONAL NAME
Personal name Silvestri, Alan.
700 1# - ADDED ENTRY--PERSONAL NAME
Personal name Ballard, Glen.
700 1# - ADDED ENTRY--PERSONAL NAME
Personal name Van Allsburg, Chris.
Title of a work Polar express.
700 0# - ADDED ENTRY--PERSONAL NAME
Personal name Polar Express (Motion picture)
710 2# - ADDED ENTRY--CORPORATE NAME
Corporate name or jurisdiction name as entry element Warner Home Video (Firm)
Holdings
Withdrawn status Lost status Damaged status Not for loan Home library Current library Shelving location Date acquired Total checkouts Full call number Barcode Date last seen Price effective from Koha item type
        Fairview Fairview General stacks 22/03/2026   GEN BC0011439 22/03/2026 22/03/2026 Books